<?xml version="1.0" encoding="UTF-8"?>
<record
    xmlns:xsi="http://www.w3.org/2001/XMLSchema-instance"
    xsi:schemaLocation="http://www.loc.gov/MARC21/slim http://www.loc.gov/standards/marcxml/schema/MARC21slim.xsd"
    xmlns="http://www.loc.gov/MARC21/slim">

  <leader>02362cam a22003735a 4500</leader>
  <controlfield tag="001">15558899</controlfield>
  <controlfield tag="005">20180128102830.0</controlfield>
  <controlfield tag="008">081216s2009    ohuab  frb    001 0 eng</controlfield>
  <datafield tag="010" ind1=" " ind2=" ">
    <subfield code="a">  2008301329</subfield>
  </datafield>
  <datafield tag="020" ind1=" " ind2=" ">
    <subfield code="a">9780324580532</subfield>
  </datafield>
  <datafield tag="020" ind1=" " ind2=" ">
    <subfield code="a">0324580533</subfield>
  </datafield>
  <datafield tag="040" ind1=" " ind2=" ">
    <subfield code="a">DLC</subfield>
    <subfield code="c">DLC</subfield>
    <subfield code="b">eng </subfield>
    <subfield code="d">EG-ScBUE</subfield>
    <subfield code="d">EG-ScBUE</subfield>
  </datafield>
  <datafield tag="082" ind1="0" ind2="4">
    <subfield code="a">302.35</subfield>
    <subfield code="b">CUM</subfield>
    <subfield code="2">22</subfield>
  </datafield>
  <datafield tag="100" ind1="1" ind2=" ">
    <subfield code="a">Cummings, Thomas G.</subfield>
    <subfield code="9">8935</subfield>
  </datafield>
  <datafield tag="245" ind1="1" ind2="0">
    <subfield code="a">Organization development &amp; change /</subfield>
    <subfield code="c">Thomas G. Cummings, Christopher G. Worley.</subfield>
  </datafield>
  <datafield tag="246" ind1="3" ind2=" ">
    <subfield code="a">Organization development and change</subfield>
  </datafield>
  <datafield tag="250" ind1=" " ind2=" ">
    <subfield code="a">9th ed., International student ed.</subfield>
  </datafield>
  <datafield tag="260" ind1=" " ind2=" ">
    <subfield code="a">Mason, Oh  :</subfield>
    <subfield code="b">South-Western/Cengage Learning,</subfield>
    <subfield code="c">c.2009.</subfield>
  </datafield>
  <datafield tag="300" ind1=" " ind2=" ">
    <subfield code="a">xx, 772 p. :</subfield>
    <subfield code="b">ill., map ;</subfield>
    <subfield code="c">27 cm.</subfield>
  </datafield>
  <datafield tag="500" ind1=" " ind2=" ">
    <subfield code="a">Indexes : p. 756-772.</subfield>
  </datafield>
  <datafield tag="500" ind1=" " ind2=" ">
    <subfield code="a">Glossary : p. 746-755.</subfield>
  </datafield>
  <datafield tag="504" ind1=" " ind2=" ">
    <subfield code="a">Includes bibliographical references.</subfield>
  </datafield>
  <datafield tag="505" ind1="0" ind2=" ">
    <subfield code="a">General introduction to organization development -- The nature of planned change -- The organization development practitioner -- Entering and contracting -- Diagnosing organizations -- Diagnosing groups and jobs -- Collecting and analyzing diagnostic information -- Feeding back diagnostic information -- Designing interventions -- Leading and managing change -- Evaluating and institutionalizing organization development interventions -- Interpersonal and group process approaches -- Organization process approaches -- Restructuring organizations -- Employee involvement -- Work design -- Performance management -- Developing talent -- Managing workforce diversity and wellness -- Transformational change -- Continuous change -- Transorganizational change -- Organization development in global settings -- Organization development in nonindustrial settings: health care, school systems, the public sector, and family-owned businesses -- Future directions in organization development -- Glossary.</subfield>
  </datafield>
  <datafield tag="590" ind1=" " ind2=" ">
    <subfield code="a">Menna elemam</subfield>
  </datafield>
  <datafield tag="650" ind1=" " ind2="0">
    <subfield code="a">Organizational change.</subfield>
    <subfield code="9">8936</subfield>
    <subfield code="2">BUEsh</subfield>
  </datafield>
  <datafield tag="650" ind1=" " ind2="0">
    <subfield code="a">Organization.</subfield>
    <subfield code="9">8937</subfield>
    <subfield code="2">BUEsh</subfield>
  </datafield>
  <datafield tag="650" ind1=" " ind2="0">
    <subfield code="a">Industrial organization.</subfield>
    <subfield code="9">8938</subfield>
    <subfield code="2">BUEsh</subfield>
  </datafield>
  <datafield tag="651" ind1=" " ind2=" ">
    <subfield code="2">BUEsh</subfield>
  </datafield>
  <datafield tag="653" ind1=" " ind2=" ">
    <subfield code="b">BUSADM</subfield>
    <subfield code="c">August2015</subfield>
  </datafield>
  <datafield tag="655" ind1=" " ind2=" ">
    <subfield code="v">Text book</subfield>
    <subfield code="9">33728</subfield>
  </datafield>
  <datafield tag="700" ind1="1" ind2=" ">
    <subfield code="a">Worley, Christopher G.</subfield>
    <subfield code="9">8939</subfield>
  </datafield>
  <datafield tag="942" ind1=" " ind2=" ">
    <subfield code="2">ddc</subfield>
    <subfield code="c">BB</subfield>
    <subfield code="m">302.35 CUM </subfield>
  </datafield>
  <datafield tag="999" ind1=" " ind2=" ">
    <subfield code="c">12807</subfield>
    <subfield code="d">12807</subfield>
  </datafield>
  <datafield tag="952" ind1=" " ind2=" ">
    <subfield code="0">0</subfield>
    <subfield code="1">0</subfield>
    <subfield code="2">ddc</subfield>
    <subfield code="4">0</subfield>
    <subfield code="7">0</subfield>
    <subfield code="8">Baccah</subfield>
    <subfield code="a">MAIN</subfield>
    <subfield code="b">MAIN</subfield>
    <subfield code="c">1ST</subfield>
    <subfield code="d">2009-10-18</subfield>
    <subfield code="g">180.00</subfield>
    <subfield code="l">17</subfield>
    <subfield code="m">68</subfield>
    <subfield code="o">302.35 CUM</subfield>
    <subfield code="p">000018049</subfield>
    <subfield code="r">2025-07-15 00:00:00</subfield>
    <subfield code="s">2022-08-10</subfield>
    <subfield code="v">225.00</subfield>
    <subfield code="y">BB</subfield>
  </datafield>
  <datafield tag="952" ind1=" " ind2=" ">
    <subfield code="0">0</subfield>
    <subfield code="1">0</subfield>
    <subfield code="2">ddc</subfield>
    <subfield code="4">0</subfield>
    <subfield code="7">0</subfield>
    <subfield code="8">Baccah</subfield>
    <subfield code="a">MAIN</subfield>
    <subfield code="b">MAIN</subfield>
    <subfield code="c">1ST</subfield>
    <subfield code="d">2009-10-18</subfield>
    <subfield code="g">180.00</subfield>
    <subfield code="l">26</subfield>
    <subfield code="m">52</subfield>
    <subfield code="o">302.35 CUM</subfield>
    <subfield code="p">000026573</subfield>
    <subfield code="r">2025-07-15 00:00:00</subfield>
    <subfield code="s">2019-12-18</subfield>
    <subfield code="v">225.00</subfield>
    <subfield code="y">BB</subfield>
  </datafield>
  <datafield tag="952" ind1=" " ind2=" ">
    <subfield code="0">0</subfield>
    <subfield code="1">0</subfield>
    <subfield code="2">ddc</subfield>
    <subfield code="4">0</subfield>
    <subfield code="7">0</subfield>
    <subfield code="8">Baccah</subfield>
    <subfield code="a">MAIN</subfield>
    <subfield code="b">MAIN</subfield>
    <subfield code="c">1ST</subfield>
    <subfield code="d">2009-10-18</subfield>
    <subfield code="g">180.00</subfield>
    <subfield code="l">22</subfield>
    <subfield code="m">92</subfield>
    <subfield code="o">302.35 CUM</subfield>
    <subfield code="p">000018051</subfield>
    <subfield code="r">2025-07-15 00:00:00</subfield>
    <subfield code="s">2022-08-10</subfield>
    <subfield code="v">225.00</subfield>
    <subfield code="y">BB</subfield>
  </datafield>
  <datafield tag="952" ind1=" " ind2=" ">
    <subfield code="0">0</subfield>
    <subfield code="1">0</subfield>
    <subfield code="2">ddc</subfield>
    <subfield code="4">0</subfield>
    <subfield code="7">0</subfield>
    <subfield code="8">Baccah</subfield>
    <subfield code="a">MAIN</subfield>
    <subfield code="b">MAIN</subfield>
    <subfield code="c">1ST</subfield>
    <subfield code="d">2009-10-19</subfield>
    <subfield code="g">180.00</subfield>
    <subfield code="l">19</subfield>
    <subfield code="m">69</subfield>
    <subfield code="o">302.35 CUM</subfield>
    <subfield code="p">000018492</subfield>
    <subfield code="r">2025-07-15 00:00:00</subfield>
    <subfield code="s">2020-12-06</subfield>
    <subfield code="v">225.00</subfield>
    <subfield code="y">BB</subfield>
  </datafield>
  <datafield tag="952" ind1=" " ind2=" ">
    <subfield code="0">0</subfield>
    <subfield code="1">0</subfield>
    <subfield code="2">ddc</subfield>
    <subfield code="4">0</subfield>
    <subfield code="7">0</subfield>
    <subfield code="8">Baccah</subfield>
    <subfield code="a">MAIN</subfield>
    <subfield code="b">MAIN</subfield>
    <subfield code="c">1ST</subfield>
    <subfield code="d">2009-10-19</subfield>
    <subfield code="g">180.00</subfield>
    <subfield code="l">19</subfield>
    <subfield code="m">70</subfield>
    <subfield code="o">302.35 CUM</subfield>
    <subfield code="p">000018491</subfield>
    <subfield code="r">2025-07-15 00:00:00</subfield>
    <subfield code="s">2021-11-23</subfield>
    <subfield code="v">225.00</subfield>
    <subfield code="y">BB</subfield>
  </datafield>
  <datafield tag="952" ind1=" " ind2=" ">
    <subfield code="0">0</subfield>
    <subfield code="1">0</subfield>
    <subfield code="2">ddc</subfield>
    <subfield code="4">0</subfield>
    <subfield code="7">0</subfield>
    <subfield code="8">Baccah</subfield>
    <subfield code="a">MAIN</subfield>
    <subfield code="b">MAIN</subfield>
    <subfield code="c">1ST</subfield>
    <subfield code="d">2009-10-19</subfield>
    <subfield code="g">180.00</subfield>
    <subfield code="l">12</subfield>
    <subfield code="m">29</subfield>
    <subfield code="o">302.35 CUM</subfield>
    <subfield code="p">000018489</subfield>
    <subfield code="r">2025-07-15 00:00:00</subfield>
    <subfield code="s">2017-10-08</subfield>
    <subfield code="v">225.00</subfield>
    <subfield code="y">NB</subfield>
  </datafield>
  <datafield tag="952" ind1=" " ind2=" ">
    <subfield code="0">0</subfield>
    <subfield code="1">0</subfield>
    <subfield code="2">ddc</subfield>
    <subfield code="4">0</subfield>
    <subfield code="7">0</subfield>
    <subfield code="8">Baccah</subfield>
    <subfield code="a">MAIN</subfield>
    <subfield code="b">MAIN</subfield>
    <subfield code="c">1ST</subfield>
    <subfield code="d">2010-10-13</subfield>
    <subfield code="g">180.00</subfield>
    <subfield code="l">10</subfield>
    <subfield code="m">79</subfield>
    <subfield code="o">302.35 CUM</subfield>
    <subfield code="p">000022371</subfield>
    <subfield code="r">2024-09-25 00:00:00</subfield>
    <subfield code="s">2019-12-15</subfield>
    <subfield code="v">225.00</subfield>
    <subfield code="y">BB</subfield>
  </datafield>
  <datafield tag="952" ind1=" " ind2=" ">
    <subfield code="0">0</subfield>
    <subfield code="1">0</subfield>
    <subfield code="2">ddc</subfield>
    <subfield code="4">0</subfield>
    <subfield code="7">0</subfield>
    <subfield code="a">MAIN</subfield>
    <subfield code="b">MAIN</subfield>
    <subfield code="c">1ST</subfield>
    <subfield code="d">2015-08-26</subfield>
    <subfield code="e">Purchase</subfield>
    <subfield code="g">312.50</subfield>
    <subfield code="h">349</subfield>
    <subfield code="l">13</subfield>
    <subfield code="m">21</subfield>
    <subfield code="o">302.35 CUM</subfield>
    <subfield code="p">000015522</subfield>
    <subfield code="r">2025-07-15 00:00:00</subfield>
    <subfield code="s">2020-10-27</subfield>
    <subfield code="y">BB</subfield>
  </datafield>
</record>
